000 00213nam a22000857a 4500
008 170601b xxu||||| |||| 00| 0 eng d
100 _93195
_aGuhathakurta. A
245 _aTeenage Stories
260 _aNew Delhi
_bCBT
_c1999
999 _c6507
_d6507